000 00603cam a22002053a 4500
001 43754
003 PGUSA
005 20140828084008.0
008 130917s2013||||xxu|||||s|||||000 | eng d
040 _aPGUSA
_beng
042 _adc
100 1 _aMacquoid, Katharine S.
_q(Katharine Sarah),
_d1824-1917
245 1 0 _aPictures in Umbria
_h[electronic resource] /
_cKatharine S. Macquoid
260 _bProject Gutenberg,
_c2013
506 _aPublic domain in the USA.
516 _aElectronic text
830 0 _aProject Gutenberg
_v43754
856 4 0 _uhttp://www.gutenberg.org/ebooks/43754
942 _cEB
999 _c273005
_d273005